000 00502nam a2200169 a 4500
001 BRCA_667
005 20190320203111.0
008 160408s1991----u--a######---#000-0#eng-#
041 _aeng
044 _au
050 4 _aN736
_b.S26 1991
245 1 0 _aSan Antonio Museum of Art
_bthe First Ten Years.
260 _aSan Antonio, Texas
_bSan Antonio Museum of Art
_c[1991]
300 _a79 p.
_bil. a color
_c28 cm.
610 2 4 _aSan Antonio Museum of Art
_vColecciones
_xHistoria
_zTexas
_92214
942 _2lcc
_cB
999 _c576
_d576